|
|
|
|
| LEADER |
00000nla2a2200000 4500 |
| 001 |
651027 |
| 005 |
20240115140059.0 |
| 035 |
|
|
|a (RuTPU)RU\TPU\network\16276
|
| 035 |
|
|
|a RU\TPU\network\16273
|
| 090 |
|
|
|a 651027
|
| 100 |
|
|
|a 20161031d2016 k y0rusy50 ca
|
| 101 |
0 |
|
|a rus
|
| 102 |
|
|
|a RU
|
| 105 |
|
|
|a a z 101zy
|
| 135 |
|
|
|a drgn ---uucaa
|
| 181 |
|
0 |
|a i
|
| 182 |
|
0 |
|a b
|
| 200 |
1 |
|
|a Количественная характеристика ультрамелкозернистой структуры стали 12ГБА с помощью сканирующей туннельной микроскопии
|f В. Е. Панин [и др.]
|
| 203 |
|
|
|a Текст
|c электронный
|
| 225 |
1 |
|
|a Научные основы разработки материалов с многоуровневой иерархической структурой, в том числе для экстремальных условий эксплуатации
|
| 300 |
|
|
|a Заглавие с экрана
|
| 320 |
|
|
|a [Библиогр.: с. 130 (3 назв.)]
|
| 463 |
|
1 |
|0 (RuTPU)RU\TPU\network\16208
|t Перспективные материалы с иерархической структурой для новых технологий и надежных конструкций
|o тезисы докладов Международной конференции, 19-23 сентября 2016 г., Томск
|f Российская академия наук (РАН), Сибирское отделение (СО), Институт физики прочности и материаловедения (ИФПМ)
|v [С. 129-130]
|d 2016
|
| 610 |
1 |
|
|a электронный ресурс
|
| 610 |
1 |
|
|a труды учёных ТПУ
|
| 610 |
1 |
|
|a количественная характеристика
|
| 610 |
1 |
|
|a ультрамелкозернистые структуры
|
| 610 |
1 |
|
|a стали
|
| 610 |
1 |
|
|a сканирующая туннельная микроскопия
|
| 610 |
1 |
|
|a низкоуглеродистые стали
|
| 610 |
1 |
|
|a трубные стали
|
| 610 |
1 |
|
|a зеренные структуры
|
| 610 |
1 |
|
|a 12ГБА
|
| 610 |
1 |
|
|a прокатка
|
| 701 |
|
1 |
|a Панин
|b В. Е.
|c специалист в области физики и механики деформируемого твердого тела, физического материаловедения
|c профессор Томского политехнического университета, доктор физико-математических наук
|c заведующий кафедрой материаловедения в машиностроении
|c директор Российского материаловедческого центра
|c научный руководитель Института физики прочности и материаловедения СО РАН
|f 1930-
|g Виктор Евгеньевич
|3 (RuTPU)RU\TPU\pers\12102
|
| 701 |
|
1 |
|a Кузнецов
|b П. В.
|c физик
|c доцент Томского политехнического университета, кандидат физико-математических наук
|f 1952-
|g Павел Викторович
|3 (RuTPU)RU\TPU\pers\34497
|9 17880
|
| 701 |
|
1 |
|a Рахматулина
|b Т. В.
|
| 701 |
|
1 |
|a Шумакова
|b Д. А.
|
| 712 |
0 |
2 |
|a Национальный исследовательский Томский политехнический университет (ТПУ)
|b Физико-технический институт (ФТИ)
|b Кафедра общей физики (ОФ)
|3 (RuTPU)RU\TPU\col\18734
|
| 712 |
0 |
2 |
|a Национальный исследовательский Томский политехнический университет (ТПУ)
|b Институт физики высоких технологий (ИФВТ)
|b Кафедра материаловедения в машиностроении (ММС)
|3 (RuTPU)RU\TPU\col\18688
|
| 801 |
|
1 |
|a RU
|b 63413507
|c 20101016
|
| 801 |
|
2 |
|a RU
|b 63413507
|c 20161031
|g RCR
|
| 856 |
4 |
|
|u http://www.ispms.ru/files/Conference/2016/Sbornik_1.pdf#page=129
|
| 942 |
|
|
|c CF
|